| 000 | 00908nam a22002535i 4500 | ||
|---|---|---|---|
| 001 | 176831 | ||
| 003 | ES-MaACL | ||
| 005 | 20230906220207.0 | ||
| 008 | 110214s1961 sp af |||| | spa d | ||
| 080 | _a75 Modigliani, Amadeo | ||
| 100 | 1 |
_aLipchitz, Jacques. _972492 |
|
| 245 | 1 | 0 |
_aAmadeo Modigliani _b: (1884-1920) / _ctexto de Jacques Lipchitz ; versión castellana de R. Santos Torroella. |
| 260 |
_aBarcelona : _bTimun Mas, _c[1961?] |
||
| 300 |
_a[1] h. , [72] p. : _bil. , lám. col. y n. ; _c18 cm. |
||
| 490 | 1 | _aEl libro de arte de bolsillo | |
| 500 | _aEncuadernado con otros títulos. | ||
| 504 | _aBibliografía: p. [72] | ||
| 597 | _aEn el lomo: Tomos I-VI. | ||
| 600 | 0 | 4 |
_aModigliani, Amadeo. _9145170 |
| 700 | 0 |
_aSantos Torroella, Rafael. _9103536 |
|
| 830 | 0 |
_aEl libro de arte de bolsillo _9183601 |
|
| 852 |
_aES-MaACL _jE-14305 (4) _xOlim P-144 |
||
| 999 |
_c176831 _d176831 |
||